000 00341nam a2200157Ia 4500
003 OSt
005 20240103121534.0
008 170524s9999 xx 000 0 und d
020 _a9780070585560
040 _cIIMT UNIVERSITY
100 _aBajaj/Mag
245 0 _aE-Commerce
260 _bTMH New Delhi
260 _c2007
942 _2ddc
_c02
999 _c4706
_d4706